ORGANIZATION BEHAVIOR:human behavior at work (Record no. 838)

MARC details
000 -LEADER
fixed length control field 00446nam a22001697a 4500
005 - DATE AND TIME OF LATEST TRANSACTION
control field 20180725151734.0
008 - FIXED-LENGTH DATA ELEMENTS--GENERAL INFORMATION
fixed length control field 160514b xxu||||| |||| 00| 0 eng d
020 ## - INTERNATIONAL STANDARD BOOK NUMBER
ISBN 978-0-07-063552-4
041 ## - LANGUAGE CODE
Language code of text/sound track or separate title eng
082 ## - DEWEY DECIMAL CLASSIFICATION NUMBER
Item number 2301
Classification number 658.3
100 ## - MAIN ENTRY--AUTHOR NAME
Personal name Newstrom, John W.
245 ## - TITLE STATEMENT
Title ORGANIZATION BEHAVIOR:human behavior at work
260 ## - PUBLICATION, DISTRIBUTION, ETC. (IMPRINT)
Place of publication New Delhi
Name of publisher Tata McGraw Hill Ltd.
Year of publication 2007
300 ## - PHYSICAL DESCRIPTION
Number of Pages 478p,
650 ## - SUBJECT ADDED ENTRY--TOPICAL TERM
Topical Term Management
942 ## - ADDED ENTRY ELEMENTS (KOHA)
Koha item type Books
Holdings
Lost status Damaged status Collection code Home library Current library Shelving location Date acquired Cost, normal purchase price Full call number Accession Number Koha item type
    MANAGEMENT JRU Library JRU Library SHELF-64-A 14/05/2016 385.00 658.3 2301 Books
    MANAGEMENT JRU Library JRU Library SHELF-64-A 14/05/2016 385.00 658.3 2302 Books
    MANAGEMENT JRU Library JRU Library SHELF-64-A 14/05/2016 385.00 658.3 2303 Books
    MANAGEMENT JRU Library JRU Library SHELF-64-A 14/05/2016 385.00 658.3 2304 Books
    Reference JRU Library   SHELF-29-J 14/05/2016 385.00 658.3 2305 Books
    MANAGEMENT JRU Library JRU Library SHELF-64-D 14/05/2016 385.00 658.3 2306 Books
    MANAGEMENT JRU Library JRU Library SHELF-64-A 14/05/2016 385.00 658.3 2307 Books